| 000 | 00442pab a2200169 454500 | ||
|---|---|---|---|
| 008 | 180718b2008 xxu||||| |||| 00| 0 eng d | ||
| 100 | _aVinquaruddin, Mohammed | ||
| 245 | _aInternationalising courses of political theory in the undergraduate curriculum | ||
| 260 | _c2008 | ||
| 300 | _ap.13-15. | ||
| 362 | _a19 May | ||
| 650 | _aCurriculum | ||
| 650 | _aPolitical theory | ||
| 773 | _aUniversity News | ||
| 908 | _aN | ||
| 909 | _a78163 | ||
| 999 |
_c78163 _d78163 |
||